Flugzeugflotte Eurowings - Statistiken

Allgemein
  • Dieses Quiz wurde 22 mal gespielt
  • Das Durchschnittsergebnis liegt bei 5 aus 7
Antwortstatistiken
Hint Antwort % Korrekt
7 Airbus A320neo
94%
7 (betrieben durchSmartwings) Boeing 737-800
82%
26 Airbus A319-100
71%
43 Airbus A320-200
71%
5 Airbus A321neo
71%
40 + 60 bestellt (noch nicht ausgeliefert) Boeing 737 MAX 8
65%
6 Airbus A321-200
59%
Keine übereinstimmenden Quizze gefunden
Verteilung der Resultate
Anzahl Personen mit jedem Resultat
Perzentil nach korrekt beantworteten Fragen
Ihre Resultats-Entwicklung
Sie haben dieses Quiz noch nicht gespielt